000 00671nam a2200181Ia 4500
008 100920s9999 xx 000 0 und d
082 _b98033
_a891.43 थ 99
100 _aनाहीद नुसरत.
245 _aभारतीय मुस्लिम विरांजनाएँ.
260 _bनुसरत नाहीद लखनऊ.
_c1999
300 _a98
_bसाधी
365 _b135
520 _aहिंदी.
630 _aभारतीय मुस्लिम विरांजनाएँ.
650 _aहिंदी.
730 _aभारतीय मुस्लिम विरांजनाएँ.
942 _cBOOK
999 _c738471
_d738468